| 000 | 00550nmm a2200169Ia 4500 | ||
|---|---|---|---|
| 008 | 251105s9999||||xx |||||||||||||||||und|| | ||
| 020 | _a8479083018 | ||
| 041 | _aspa | ||
| 100 | _aPrúfer Leske, I. | ||
| 245 | 0 | _aDiccionario de la propiedad industrial. Alemán-español/español-alemán | |
| 264 |
_a[Madrid, España] : _bPublicaciones de la Universidad de Alicante, _c1997 |
||
| 300 | _a212 páginas | ||
| 490 | _aTraducción | ||
| 650 | _aEncyclopedias & Dictionaries | ||
| 856 | _uhttps://public.digitaliapublishing.com/a/612 | ||
| 942 | _cCF | ||
| 999 |
_c73501 _d73501 |
||